00323pab a2200121 454500008004000000100002500040245004000065260000900105300001100114362001400125650002200139773004000161180718b1985 xxu||||| |||| 00| 0 eng d aSharma, Sudesh Kumar aPublic policy and rural development c1985 a117-24 aJan.-Mar. aRural Development aIndian Journal of Political Science